000 01164nam0a2200277 4500
001 RU\NLR\BIBL_A\011589830
005 20260408204602.0
035 _a(NLR Aleph) 011589830
090 _a10832016
_c10832016
100 _a20180110d1965 |||y0rusy50 ca
101 0 _ache
102 _aRU
105 _ay z 000 y
200 9 _aДиктантийн сборник
_eюьхьенцарчу школана хьехархочунна гIоьнна
_fУ. Э. Гайсултанов
_gНохч-ГIалгIайн АССР серлонан м-во
205 _a3-гIа арахецна
210 _aГрозный
_cНохч-ГIалгIайн кн. изд-во
_d1965
215 _a100,[3] с.
_d20
300 _aНа обл. авт. не указан
541 1 _aСборник диктантов
_zrus
606 _aЧеченский язык
_xПреподавание
_xНачальная школа
_3RU\NLR\AUTH\661576782
_92105937
686 1 _aЧ426.151
700 1 _aГайсултанов
_bУ.Э.
_f1920-1980
_gУмар Эдилсултанович
_4070
852 _aNLR
_bОНЛ
_jЧеч./2-595
942 _cBOOK
980 _aNB